000 00294nam a22001337a 4500
008 181207b xxu||||| |||| 00| 0 eng d
020 _a9780803625662
041 _aeng
080 _a610
100 _a4
101 _aSHM
245 _aMedical Terminology Flash
_cSharon.E
942 _2udc
_cBK
999 _c53068
_d53068